Statistics for Taylor Swift - Mine Lyrics

Click here to take the quiz!

General Stats

  • This quiz has been taken 152 times
  • The average score is 362 of 392

Answer Stats

Answer% Correct
a
100%
I
100%
"I
100%
mine"
100%
mine
100%
the
100%
The
100%
you
100%
You
100%
by
99%
that
99%
Then
99%
we
99%
We
99%
what
99%
are
98%
been
98%
best
98%
ever
98%
me
98%
of
98%
that's
98%
thing
98%
your
98%
And
97%
and
97%
do
97%
Do
97%
for
97%
in
97%
remember
97%
time
97%
to
97%
water?
97%
water
97%
were
97%
we're
97%
careless
96%
first
96%
love
96%
man's
96%
mans
96%
at
95%
daughter
95%
it?"
95%
it
95%
it?
95%
out
95%
sittin'
95%
there
95%
with
95%
careful
94%
look
94%
made
94%
on
94%
rebel
94%
was
94%
arm
93%
around
93%
can
93%
"Can
93%
it's
93%
put
93%
AM
91%
back
91%
every
91%
if
91%
is
91%
never
91%
see
91%
tables
91%
believe
90%
college
90%
like
90%
Oh, oh, oh
90%
part
90%
said
90%
say
90%
working
90%
falling
89%
fear
89%
last
89%
looked
89%
now
89%
waiting
89%
why
89%
wondering
89%
As
88%
as
88%
fell
88%
make
88%
mistakes
88%
moment
88%
my
88%
fight
87%
got
87%
i'm
87%
lying
87%
our
87%
parents
87%
right
87%
small
87%
2:30
86%
all
86%
couch
86%
figure
86%
Left
86%
hands
85%
lasts
85%
nothing
85%
She
85%
this
85%
town
85%
But
84%
figured
84%
street
84%
When
84%
bills
83%
everything
83%
followed
83%
pay
83%
risk
83%
about
82%
bother
82%
'Cause
82%
yes
82%
Yes
82%
ran
81%
we'll
81%
crying
80%
flight
80%
hard
80%
"I'll
80%
known
80%
leave
80%
place
80%
slipping
80%
alone"
79%
take
79%
thought
79%
took
79%
into
78%
myself
77%
Flash
76%
how
76%
I've
76%
surprise
76%
takin'
76%
together
76%
drawer
74%
secrets
74%
things
74%
world
74%
guarded
73%
there's
73%
felt
72%
forward
72%
start
72%
sitting
71%
city
70%
lights
70%
Braced
67%
gonna
67%
Hold
63%
turn
63%
learn
62%
saw
62%
goodbyes
61%

Score Distribution

Percentile by Number Answered

Percent of People with Each Score

Your Score History

You have not taken this quiz